|
|
|
|
| LEADER |
00667nam a22001931a 4500 |
| 001 |
c000079813 |
| 003 |
CARM |
| 005 |
00000000000000.0 |
| 008 |
870211s1961 enk 00011 eng d |
| 019 |
1 |
|
|a 5047475
|5 LACONCORD2021
|
| 035 |
|
|
|a (OCoLC)154489836
|5 LACONCORD2021
|
| 040 |
|
|
|a APLS
|c APLS
|
| 100 |
1 |
|
|a Balfour, James.
|
| 245 |
1 |
4 |
|a The glory boy /
|c James Balfour.
|
| 260 |
|
|
|a London :
|b Hutchinson,
|c 1961.
|
| 300 |
|
|
|a 240 p.
|
| 852 |
8 |
|
|b CARM
|h A2:AO10G0
|i A01181
|p 0110742
|f BK
|
| 999 |
f |
f |
|i 40514fec-9a33-597f-99e7-441c7d542e2f
|s 643e8c12-24ea-550c-ad19-5a6550cdf0d1
|
| 952 |
f |
f |
|p Can circulate
|a CAVAL
|b CAVAL
|c CAVAL
|d CARM 1 Store
|e A01181
|f A2:AO10G0
|h Other scheme
|i book
|m 0110742
|